[Event "Carpuela CupT U20 6th"]
[Site "Carpuela"]
[Date "2015.06.04"]
[Round "5.2"]
[White "Chiliquinga Zambrano, Hamilton"]
[Black "Angulo Garcia, Stuar"]
[Result "0-1"]
[WhiteElo "1659"]
[BlackElo "1598"]
[PlyCount "92"]
[EventDate "2015.06.01"]
[EventType "team-swiss"]
[EventRounds "7"]
[EventCountry "ECU"]
[SourceTitle "CBM 166 Extra"]
[Source "ChessBase"]
[SourceDate "2015.06.18"]
[SourceVersion "1"]
[SourceVersionDate "2015.06.18"]
[SourceQuality "1"]
[WhiteTeam "Cotopaxi"]
[BlackTeam "Esmeraldas"]
[WhiteTeamCountry "ECU"]
[BlackTeamCountry "ECU"]

1. e4 g6 2. Nf3 Bg7 3. d4 c6 4. Nc3 d5 5. e5 Bf5 6. Bd3 Bxd3 7. Qxd3 h5 8. e6 Qd6 9. Ng5 Nh6 10. Nxf7 Qxe6+ 11. Ne5 Bxe5 12. dxe5 Qxe5+ 13. Be3 Nf5 14. 0-0-0 Nd7 15. g3 Qf6 16. h4 Ne5 17. Qe2 Nxe3 18. fxe3 Qf3 19. Qxf3 Nxf3 20. e4 e6 21. exd5 exd5 22. Ne2 Rf8 23. Nf4 Rf6 24. Rd3 Nxh4 25. Rxh4 g5 26. Rxh5 gxf4 27. gxf4 Rf7 28. Rh8+ Rf8 29. Rxf8+ Kxf8 30. Rh3 Kg7 31. Rf3 Re8 32. Rb3 Re7 33. Ra3 a6 34. Kd2 Kf6 35. Re3 Rxe3 36. Kxe3 Kf5 37. b4 b6 38. c3 c5 39. bxc5 bxc5 40. Kf3 a5 41. Ke3 a4 42. a3 Kg4 43. f5 Kxf5 44. Kf3 d4 45. c4 Ke5 46. Ke2 Ke4 0-1